| 000 | 00353nam a2200121Ia 4500 | ||
|---|---|---|---|
| 008 | 230907s9999||||xx |||||||||||||| ||und|| | ||
| 082 |
_a519.5 _bESS |
||
| 100 |
_aAnderson, David R. _9112363 |
||
| 245 | 0 | _aEssentials of statistics for business and economics / | |
| 300 | _axxvi, 726 pages : | ||
| 650 |
_aProblems, exercises, etc. _9111794 |
||
| 942 | _cBK | ||
| 999 |
_c599044 _d599044 |
||